=LDR 00000nam 2200000 4500 =001 INLIS000000000045827 =005 20150211081219.0 =006 =007 =008 =020 ##$$a 978-979-078-263-1 =035 ##$$0010-021500000000387 =040 ##$$a NBPDMAT =082 ##$$a 372.35 =090 ##$$a 372.35 $b Ire i =100 ##$$a Irene Patricia =245 ##$$a IPA (Ilmu Pengetahuan Alam) untuk SD dan MI Kelas 1 $c Irene Patricia, Arif Budi Mulyawan, Novita Sari Aiyani; Penyunting. Intan Nurulita =260 ##$$a Jakarta $b Dian Rakyat $c 2012 =300 ##$$a viii, 136 hlm. : $b ilus. ; $c 24 cm. =500 ##$$a Bibliografi : hlm.136 =650 ##$$a Sains-SD =700 ##$$a Arif Budi Mulyawan, Novita Sari Adiyani, Intan Nurulita =990 ##$$a 0001/BPAP-NTB/20142015 =990 ##$$a 0001/BPAP-NTB/20142015 =990 ##$$a 0001/BPAP-NTB/20142015 =990 ##$$a 0001/BPAP-NTB/20142015 =990 ##$$a 0001/BPAP-NTB/20142015 =990 ##$$a 21422908 =990 ##$$a 21422907 =990 ##$$a 21422909 =990 ##$$a 21422910 =990 ##$$a 21422911